Data visualization charts Name - Statistiques

Statistiques générales
  • Ce quiz a été pris 12 fois
  • Le résultat moyen est 3 sur 14
Statistiques - réponses
Hint Réponse % Correct
5 Histogram
63%
3 Pie Chart
63%
7 Heatmap
38%
1 Bar Chart
25%
6 Box Plot
25%
2 Line Chart
25%
4 Scatter Plot
13%
8 Area Chart
0%
9 Bubble Chart
0%
12 Chord Chart
0%
14 Radar Chart
0%
13 Sankey Diagram
0%
10 Stacked Bar Chart
0%
11 Treemap
0%
Aucun quiz correspondant
Distribution des résultats
% des personnes avec chaque résultat
Percentile par nombre de réponses
Votre historique - résultats
Vous n’avez pas pris ce quiz